Normal view
MARC view
- DHANASREE B
Entry Personal Name
001 - CONTROL NUMBER
- control field: 3876
003 - CONTROL NUMBER IDENTIFIER
- control field: OSt
005 - DATE AND TIME OF LATEST TRANSACTION
- control field: 20181109134630.0
008 - FIXED-LENGTH DATA ELEMENTS
- fixed length control field: 181109|| aca||aabn | a|a d
040 ## - CATALOGING SOURCE
- Original cataloging agency: OSt
- Transcribing agency: OSt
100 ## - HEADING--PERSONAL NAME
- Personal name: DHANASREE B
670 ## - SOURCE DATA FOUND
- Source citation: Work cat.: (OSt)15008: DHANASREE B SNEHA SUKUMARAN VITHU PRABHA, Development of process protocol for banana flour
